MEN WITHOUT EARS (Record no. 4661)

MARC details
000 -LEADER
fixed length control field 00421nam a22001577a 4500
008 - FIXED-LENGTH DATA ELEMENTS--GENERAL INFORMATION
fixed length control field 260421b |||||||| |||| 00| 0 eng d
020 ## - INTERNATIONAL STANDARD BOOK NUMBER
ISBN 0582642477
100 ## - MAIN ENTRY--AUTHOR
Author OKOYE, IFEOMA
245 ## - TITLE STATEMENT
Title MEN WITHOUT EARS
260 ## - PUBLICATION, DISTRIBUTION, ETC. (IMPRINT)
Place of publication HARLOW ENGLAND
Name of publisher LONGMAN GROUP LTD.
Date of publication 1984
300 ## - COLLATION
Pagination 164p.
650 ## - TRACINGS
Main Subject English Literature
Subdivision (1st) Nigerian literature in English
942 ## - ADDED ENTRY ELEMENTS (KOHA)
Item type Books
050 ## - LIBRARY OF CONGRESS CALL NUMBER
Classification number PR9387.9
Item number .O37
Holdings
Source of classification or shelving scheme Not for loan Permanent location Current location Date acquired Accession No. Full call number Barcode. Copy number Koha item type
Library of Congress Classification   Samuel Ogbemudia Main Library, University of Abuja Samuel Ogbemudia Main Library, University of Abuja 04/21/2026 2026/71948-49 PR9387.9 .O37 2026-0151 2 Books